Different strokes? common and responses to financial crises

Salvato in:
Dettagli Bibliografici
Autore principale: Boughton, James M.
Natura: Libro
Lingua:inglese
Pubblicazione: Washington International Monetary Fund 2001
Serie:IMF Working Paper WP/01/12
Soggetti:
Tags: Aggiungi Tag
Nessun Tag, puoi essere il primo ad aggiungerne!!

MARC

LEADER 00000nam a2200000 4500
001 c124814
005 20221221091129.1
041 0 |a eng 
044 |a US 
245 1 0 |a Different strokes?  |b common and responses to financial crises  |c James M. Boughton 
264 1 |a Washington  |b International Monetary Fund  |c 2001 
300 |a 18 s. 
490 1 |a IMF Working Paper  |v WP/01/12 
830 0 |a IMF Working Paper  |v WP/01/12 
610 2 0 |a kríza 
610 2 0 |a kríza finančná 
610 2 0 |a modely makroekonomické 
100 1 |a Boughton, James M.